Les meilleurs matchs de catch par année depuis 1985 - Statistiques

Statistiques générales
  • Ce quiz a été pris 34 fois
  • Le résultat moyen est 22 sur 62
Statistiques - réponses
Réponse % Correct
John Cena
96%
CM Punk
87%
Edge
78%
Shawn Michaels
74%
Christian
70%
Jeff Hardy
70%
Matt Hardy
70%
The Undertaker
70%
Bryan Danielson
61%
Kenny Omega
61%
Bubba Ray Dudley
57%
D-Von Dudley
57%
Will Ospreay
57%
Shinsuke Nakamura
52%
Adam Page
48%
Ilja Dragunov
48%
Kazuchika Okada
48%
Matt Jackson
48%
Nick Jackson
48%
Rey Mysterio
48%
WALTER
48%
Kurt Angle
43%
Sami Zayn
43%
Adrian Neville
39%
Kota Ibushi
39%
Cash Wheeler
35%
Dax Harwood
35%
Hiroshi Tanahashi
35%
KENTA
35%
Chris Benoit
30%
Jay Briscoe
30%
Kenta Kobashi
30%
Mark Briscoe
30%
Mitsuharu Misawa
30%
Ric Flair
30%
Tetsuya Naito
30%
Minoru Suzuki
26%
Nigel McGuinness
26%
Aja Kong
22%
Naomichi Marufuji
22%
Shingo Takagi
22%
Akira Taue
17%
Chigusa Nagayo
17%
Jumbo Tsuruta
17%
Jun Akiyama
17%
KAORU
17%
Kensuke Sasaki
17%
Toshiaki Kawada
17%
Akira Hokuto
13%
Danny Kroffat
13%
Devil Masami
13%
Doug Furnas
13%
Genichiro Tenryu
13%
Ricky Steamboat
13%
Stan Hansen
13%
Tsuyoshi Kikuchi
13%
Barry Windham
9%
Shinobu Kandori
9%
Tatsumi Fujinami
9%
Terry Gordy
9%
Akira Maeda
4%
Masanobu Fuchi
4%
Aucun quiz correspondant
Distribution des résultats
% des personnes avec chaque résultat
Percentile par nombre de réponses
Votre historique - résultats
Vous n’avez pas pris ce quiz